000 00445nam a22001457a 4500
005 20251122174657.0
008 251122b |||||||| |||| 00| 0 eng d
020 _a9788120329034
050 _aTD195
_b.E49
245 _aSustainable Energy
_bchoosing among options
_cJefferson W. Tester et al.,
260 _aNew Delhi
_bPrentice Hall of India
_c2006
300 _axxiii. 846p.
_bill.
_c24cm
700 _aTester, Jerfferson W.
942 _2lcc
_cBK
_n0
999 _c8359
_d8359